[Event "2nd Dato' Arthur Tan Malaysian Open"]
[Site "Kuala Lumpur MAS"]
[Date "2005.08.26"]
[Round "11"]
[White "Mok Tze Meng"]
[Black "Wu Shaobin"]
[Result "1/2-1/2"]
[WhiteElo "2351"]
[BlackElo "2510"]

1.e4 c5 2.Nf3 d6 3.d4 cxd4 4.Nxd4 Nf6 5.Nc3 a6 6.Be3 e6 7.f3 Nbd7 8.Qd2 b5
9.g4 h6 10.O-O-O b4 11.Na4 Ne5 12.Qxb4 Bd7 13.Nc3 d5 14.Qb7 dxe4 15.Bxa6 Rb8
16.Qa7 Ra8  1/2-1/2

[Event "Rudenko mem"]
[Site "St Petersburg RUS"]
[Date "2005.08.27"]
[Round "8"]
[White "Malysheva,P"]
[Black "Dolgova,O"]
[Result "1/2-1/2"]
[WhiteElo "2282"]
[BlackElo "2185"]

1.e4 c5 2.Nf3 d6 3.d4 cxd4 4.Nxd4 Nf6 5.Nc3 a6 6.Be3 e6 7.g4 b5 8.g5 Nfd7
9.h4 Bb7 10.a3 Qc7 11.h5 Nc5 12.Qf3 Nbd7 13.g6 Ne5 14.gxf7+ Qxf7 15.Qxf7+ Kxf7
16.f3 Rc8 17.Bh3 Nc6 18.O-O-O Be7 19.Nxc6 Bxc6 20.Ne2 Bd7 21.Rhg1 Rc7 22.Kb1 Rb8
23.Bg5 Bf8 24.Bf4 Nb7 25.Nd4 Na5 26.Bc1 b4 27.Bd2 Nc4 28.axb4 Nxd2+ 29.Rxd2 Rxb4
30.Rd3 Rcb7 31.Rb3 Rxb3 32.Nxb3 Be7 33.Rd1 Rb6 34.f4 Bf6 35.e5 Be7 36.Nc5 Bc8
37.Nd3 a5 38.Kc1 a4 39.Kd2 dxe5 40.fxe5 Bg5+ 41.Ke2 Ba6 42.Rb1 Rb4 43.Bg2 Rh4
44.Ra1 Bb5 45.Rf1+ Ke7 46.Bf3 Rb4 47.Bc6 Rxb2 48.Bxb5 Rxb5 49.Rg1 h6 50.Ra1 Ra5
51.c4 Kd7 52.Rxa4 Rxa4 53.Nc5+ Kc6 54.Nxa4 Bf4 55.Nb2 Bxe5 56.Nd3 Bf6 57.Kf3 Be7
58.Ke4 Bf6 59.Kf4 Kd6 60.Ke4 Kc6 61.Kf4 Bc3 62.Ke4 Kd6 63.Nf4 Bf6 64.Nd3 Ke7
65.Ne5 Kd6 66.Nd3 Bc3 67.Kf4 Ba5 68.Ke4 Bc7 69.Kd4 Bd8 70.Ke4 Ke7 71.Ke5 Bc7+
72.Ke4 Kf6 73.Nc5 Bd6 74.Nd7+ Kg5 75.c5 Bc7 76.c6 Kxh5 77.Nf8 g5 78.Nxe6 Ba5
79.Kf3 Kg6 80.c7 Bxc7 81.Nxc7  1/2-1/2

[Event "41st Rubinstein Mem Open A"]
[Site "Polanica Zdroj POL"]
[Date "2005.08.28"]
[Round "10"]
[White "Kislov,M"]
[Black "Bindrich,F"]
[Result "1/2-1/2"]
[WhiteElo "2351"]
[BlackElo "2391"]

1.e4 c5 2.Nf3 d6 3.d4 cxd4 4.Nxd4 Nf6 5.Nc3 a6 6.Be3 e5 7.Nb3 Be6 8.f3 Nc6
9.Qd2 d5 10.exd5 Nxd5 11.Nxd5 Qxd5 12.Qxd5 Bxd5 13.c4 Be6 14.Nc5 Bxc5 15.Bxc5 O-O-O
16.Rc1 Kc7 17.Be2 Rd7 18.Be3 Rhd8 19.Kf2 Nd4 20.Rhd1 Nf5 21.Rxd7+ Rxd7 22.Rc2 Nxe3
23.Kxe3  1/2-1/2

[Event "4th Open"]
[Site "Lahijan IRI"]
[Date "2005.09.01"]
[Round "10"]
[White "Mamedov,Nid"]
[Black "Ghaem Maghami,E"]
[Result "1/2-1/2"]
[WhiteElo "2463"]
[BlackElo "2603"]

1.e4 c5 2.Nf3 d6 3.d4 cxd4 4.Nxd4 Nf6 5.Nc3 a6 6.Be3 e5 7.Nb3 Be6 8.f3 Be7
9.Qd2 O-O 10.O-O-O Qc7 11.g4 Rc8 12.g5 Nh5 13.Nd5 Bxd5 14.exd5 Nd7 15.Bh3 a5
16.a3 a4 17.Na1 Re8 18.Bg4 Nf4 19.Bxf4 exf4 20.Bxd7 Qxd7 21.Qxf4 Bf8  1/2-1/2

[Event "FSIMA September"]
[Site "Budapest HUN"]
[Date "2005.09.03"]
[Round "1"]
[White "Mihok,O"]
[Black "Gerard,N"]
[Result "0-1"]
[WhiteElo "2157"]
[BlackElo "2295"]

1.e4 c5 2.Nf3 d6 3.d4 cxd4 4.Nxd4 Nf6 5.Nc3 a6 6.Be3 e5 7.Nb3 Be6 8.f3 h5
9.Qd2 Nbd7 10.Nd5 Bxd5 11.exd5 Rc8 12.c4 g6 13.Bd3 Bg7 14.O-O b6 15.Qb4 a5
16.Qb5 O-O 17.Nd2 Nc5 18.Be2 Nfd7 19.b4 axb4 20.Qxb4 e4 21.Rab1 exf3 22.Bxf3 Re8
23.Bf2 Ra8 24.Nb3 Rxa2 25.Nxc5 bxc5 26.Qb3 Rxf2 27.Rxf2 Bd4 28.Qc2 Ne5 29.Kh1 Bxf2
30.Qxf2 Nxc4 31.Qg3 Nd2 32.Bxh5 Qf6  0-1

[Event "Open A"]
[Site "Trieste ITA"]
[Date "2005.09.09"]
[Round "8"]
[White "Landa,K"]
[Black "Fercec,N"]
[Result "1/2-1/2"]
[WhiteElo "2609"]
[BlackElo "2500"]

1.e4 c5 2.Nf3 d6 3.d4 cxd4 4.Nxd4 Nf6 5.Nc3 a6 6.Be3 e5 7.Nf3 Qc7 8.a4 Be7
9.Be2 O-O 10.O-O h6 11.a5 Be6 12.Nd2 Nbd7 13.Bd3 Nc5 14.Qe2 Nxd3 15.cxd3 d5
16.Bb6 Qd7 17.exd5 Nxd5 18.Nxd5 Qxd5 19.Qe4 Rac8 20.Qxd5 Bxd5 21.Rac1 Bb4
22.Ne4 Rfe8 23.g4 f6 24.f3 Kh7 25.Kf2  1/2-1/2

[Event "EYb16"]
[Site "Herceg Novi SCG"]
[Date "2005.09.15"]
[Round "2"]
[White "Spoelman,W"]
[Black "Nikologorsky,M"]
[Result "1-0"]
[WhiteElo "2365"]
[BlackElo "2088"]

1.e4 c5 2.Nf3 d6 3.d4 cxd4 4.Nxd4 Nf6 5.Nc3 a6 6.Be3 e5 7.Nb3 Be6 8.f3 Be7
9.Qd2 Nbd7 10.g4 O-O 11.O-O-O Qc7 12.Kb1 Rac8 13.g5 Nh5 14.Nd5 Bxd5 15.exd5 Nb6
16.Na5 g6 17.Bh3 Rb8 18.Bg4 Ng7 19.h4 Nf5 20.Bxf5 gxf5 21.h5 f4 22.Bxb6 Qxb6
23.g6 f5 24.gxh7+ Kxh7 25.Rdg1 Rg8 26.Rg6 Rxg6 27.hxg6+ Kxg6 28.Qh2 Bg5 29.Qh7+ Kf6
30.a3 Qxa5 31.Rh6+ Bxh6 32.Qxh6+ Ke7 33.Qe6+ Kd8 34.Qxd6+ Kc8 35.Qe6+ Kc7
36.Qxe5+ Kc8 37.Qxf5+ Kc7 38.Qxf4+ Kc8 39.Qg4+ Kc7 40.Qg3+ Kc8 41.Qh3+ Kc7
42.Qh2+ Kc8 43.Qh3+ Kc7 44.Qg3+ Kc8 45.Qg4+ Kc7 46.Qf4+ Kc8 47.Qf5+ Kc7 48.Qe5+ Kc8
49.Qe6+ Kc7 50.b4 Qb5 51.Qe5+ Kc8 52.Qh8+ Kd7 53.Qxb8 Qxd5 54.Qf4 Ke6 55.Qe4+ Qxe4
56.fxe4 Ke5 57.Kb2 Kxe4 58.Kc3 b5 59.Kd2 Kd5 60.Kd3 Ke5 61.Kc3 Kd5 62.Kb2 Ke5
63.Kb3 Kd5 64.c3 Kc6 65.a4 Kd5 66.a5 Kc6 67.Kc2 Kd6 68.Kd2 Ke6 69.Ke2 Kd6
70.Ke3 Ke5 71.Kd3 Kd5 72.Kc2 Kc4 73.Kd2 Kb3 74.Kd3 Ka4 75.Ke4 Kb3 76.Kd4 Ka3
77.Kc5 Kb3 78.Kb6 Kxc3 79.Kxa6 Kxb4 80.Kb6 Kc4 81.a6 b4 82.a7 b3 83.a8=Q Kc3
84.Kb5 b2 85.Qe4  1-0

[Event "EYg18"]
[Site "Herceg Novi SCG"]
[Date "2005.09.15"]
[Round "2"]
[White "Novak,Ks"]
[Black "Lomako,A"]
[Result "0-1"]
[WhiteElo "2164"]
[BlackElo "2249"]

1.e4 c5 2.Nf3 d6 3.d4 cxd4 4.Nxd4 Nf6 5.Nc3 a6 6.Be3 e5 7.Nb3 Be7 8.f3 Be6
9.Qd2 O-O 10.O-O-O Nbd7 11.g4 b5 12.g5 b4 13.Ne2 Ne8 14.Ng3 a5 15.Kb1 a4
16.Nc1 Nc7 17.f4 exf4 18.Bxf4 b3 19.cxb3 axb3 20.a3 d5 21.Bxc7 Qxc7 22.Bd3 Ne5
23.Nf5 Nxd3 24.Nxe7+ Qxe7 25.Qxd3 dxe4 26.Qe3 Rfb8 27.h4 Ra5 28.Rh2 Qc5 29.Rhd2 f5
30.g6 hxg6 31.Qg3 Qe5 32.Qxg6 Rd5 33.Qg5 Rxd2 34.Rxd2 e3 35.Rg2 Bd5 36.Rg4 Be4+
37.Ka1 Ra8  0-1

[Event "EYg18"]
[Site "Herceg Novi SCG"]
[Date "2005.09.16"]
[Round "3"]
[White "Schoene,Mar"]
[Black "Lupik,M"]
[Result "0-1"]
[WhiteElo "2096"]
[BlackElo "2200"]

1.e4 c5 2.Nf3 d6 3.d4 cxd4 4.Nxd4 Nf6 5.Nc3 a6 6.Be3 Ng4 7.Bg5 h6 8.Bh4 g5
9.Bg3 Bg7 10.h3 Nf6 11.Be2 Qb6 12.Nb3 Nc6 13.O-O O-O 14.Re1 Rd8 15.h4 d5
16.exd5 Nb4 17.hxg5 Nfxd5 18.Na4 Qc6 19.gxh6 Bxh6 20.c3 Qxa4 21.cxb4 Qxb4
22.Bf3 Be6 23.Re4 Qb6 24.Qe2 Nf6 25.Rh4 Bg5 26.Rh1 Kg7 27.Qe5 Kg6 28.Bh4 Bxh4
29.Rxh4 Qd6 30.Bh5+ Kg7 31.Qg5+ Kf8 32.Bf3 Ng8 33.Rh8 f6 34.Qh6+ Ke8 35.Rd1 Qxd1+
36.Bxd1 Rxd1+ 37.Kh2 Rd5 38.Qe3 Re5 39.Qb6 Bd5 40.Nc5 Kf7 41.Rh4 Bxa2 42.Qxb7 Bd5
43.Qc7 Rg5 44.f3 Kg7 45.Ne4 Re5 46.Nc3 Be6 47.Rb4 Rc8 48.Qb7 Rd8 49.Re4 Bc8
50.Qa8 Rh5+ 51.Kg1 Kf7 52.Rc4 Be6 53.Qxd8 Bxc4 54.Qc8 Bb5 55.g4 Re5 56.Kf2 Nh6
57.Qh8 Ng8 58.Qh7+ Kf8 59.f4 Rc5 60.Ke3 Bd7 61.Ne4 Rb5 62.g5 Be6 63.Qh8 Rb3+
64.Kd4 Rh3 65.Qxh3 Bxh3 66.gxf6 Nxf6 67.Nc5 Bf1 68.Ke5 Kf7 69.b3 Bb5  0-1

[Event "It"]
[Site "Klaksvik FAI"]
[Date "2005.09.17"]
[Round "3"]
[White "Ziska,H"]
[Black "Eriksson,Joh"]
[Result "0-1"]
[WhiteElo "2177"]
[BlackElo "2423"]

1.e4 c5 2.Nf3 d6 3.d4 cxd4 4.Nxd4 Nf6 5.Nc3 a6 6.Be3 e6 7.f3 b5 8.Qd2 Nbd7
9.g4 h6 10.O-O-O Bb7 11.Bd3 Ne5 12.Rhe1 b4 13.Nce2 d5 14.exd5 Nxd5 15.Nf4 Qa5
16.Kb1 Nxf3 17.Qf2 Nxe1 18.Rxe1 Nxf4 19.Qxf4 Bd5 20.b3 Rc8 21.Nf5 Qc7 22.Qf2 Qc6
23.Bd4 Rg8 24.Qd2 Kd7 25.Ne3 Bc5 26.Bxc5 Qxc5 27.Bxa6 Rc7 28.a4 Qc3 29.Qe2 Rc5
30.Rd1 Rb8 31.Qf2 Ke8 32.Bb5+ Rcxb5 33.Rd3 Qe5 34.axb5 Rxb5 35.Qd2 Ra5 36.Rd4 Rb5
37.Qd3 Bc6 38.Qd2 Qb8 39.h4 Ke7 40.Rc4 Qb6 41.Rd4 Qc5 42.Rc4 Qd6 43.Rd4 Bd5
44.Nf5+ exf5 45.Qe2+ Qe6 46.Qxb5 Qe1+ 47.Ka2 Bxb3+ 48.cxb3 Qf2+ 49.Kb1 Qxd4
50.Qxf5 g6 51.Qf3 Kf8 52.h5 g5 53.Kc2 Kg7 54.Kb1 Qg1+ 55.Kc2 Qd4 56.Kb1 Qf4
57.Qd1 Qe4+ 58.Ka2 Qg2+ 59.Kb1 Qe4+ 60.Ka2 Qe5 61.Qd2 Qa5+ 62.Kb1 Qc5 63.Qd1 Qc3
64.Ka2 Kf6 65.Qd6+ Kg7 66.Qd1 Qc5 67.Qe2 Kf6 68.Qa6+ Ke5 69.Qxh6 Qc2+ 70.Ka1 Qc1+
71.Ka2 Qa3+ 72.Kb1 Qxb3+ 73.Kc1 Qe3+ 74.Kc2 Qc3+ 75.Kb1 Qe1+ 76.Kb2 Qc3+
77.Kb1 Qd3+ 78.Kc1 Qf1+ 79.Kc2 Qg2+ 80.Kb3 Qf3+ 81.Kc2 Qe2+ 82.Kb3 Qd1+ 83.Kxb4 Qxg4+
84.Kc5 Qc8+ 85.Kb4 Qb7+ 86.Kc5 Qd5+ 87.Kb4 Qb7+ 88.Kc5 Qe7+ 89.Kb5 Qd7+ 90.Kc5 Qd5+
91.Kb4 Qd2+ 92.Kc4 Qc2+ 93.Kb4 Qb2+ 94.Kc4 Qe2+ 95.Kc5 Qf2+ 96.Kc4 Qf6 97.Qh7 Qe6+
98.Kc3 Qh3+ 99.Kc4 Qc8+ 100.Kb4 Qb7+ 101.Kc4 Qc6+ 102.Kb4 Qb6+ 103.Kc4 Qd4+
104.Kb5 Qd5+ 105.Kb4 Qd6+ 106.Kc4 Qe6+ 107.Kc5 Qf5 108.Qg7+ Ke6+ 109.Kb6 Qf2+
110.Ka5 Qa2+ 111.Kb6 Qb3+ 112.Ka5 Qd5+ 113.Kb6 Qd6+ 114.Kb5 Qe5+  0-1

[Event "EYg18"]
[Site "Herceg Novi SCG"]
[Date "2005.09.18"]
[Round "5"]
[White "Novak,Ks"]
[Black "Topel,Z"]
[Result "1/2-1/2"]
[WhiteElo "2164"]
[BlackElo "2081"]

1.e4 c5 2.Nf3 d6 3.d4 cxd4 4.Nxd4 Nf6 5.Nc3 a6 6.Be3 Nc6 7.f3 e6 8.g4 Be7
9.Qd2 Qc7 10.O-O-O b5 11.g5 Nd7 12.Bd3 Nc5 13.f4 b4 14.Nce2 Rb8 15.Kb1 Na5
16.f5 e5 17.Nb3 Nxd3 18.Qxd3 Nc4 19.Bc1 a5 20.Ng3 a4 21.Nd2 Ba6 22.Nxc4 Bxc4
23.Qd2 b3 24.cxb3 axb3 25.a3 Bb5 26.Nh5 Qc2+ 27.Ka1 Qxd2 28.Bxd2 Rg8 29.Ng3 Bc4
30.h4 d5 31.exd5 Bxa3 32.Bc3 Bd6 33.Ne4 Kd7 34.Rhe1 Rge8 35.h5 Rb5 36.h6 Ra8+
37.Kb1 gxh6 38.gxh6 Bb4 39.Bxb4 Rxb4 40.d6 Kc6 41.d7 Rba4 42.Kc1 Ra1+ 43.Kd2 Rxd1+
44.Rxd1 Kxd7 45.Kc3+ Kc6 46.Nf6 Bb5 47.Rd7 e4 48.Re7 Rd8 49.Rxe4 Rd3+ 50.Kb4 Rh3
51.Nxh7 Rxh6 52.Ng5 Rh5 53.Nf3 Bd3 54.Rf4 Bc2 55.f6 Kd6 56.Nd2 Ke5 57.Rf3 Rh6
58.Nxb3  1/2-1/2

[Event "Open"]
[Site "Bucharest ROM"]
[Date "2005.09.20"]
[Round "5"]
[White "Szabo,G ROM"]
[Black "Dinu,DD"]
[Result "1-0"]
[WhiteElo "2440"]
[BlackElo "2330"]

1.e4 c5 2.Nc3 d6 3.Nf3 a6 4.d4 cxd4 5.Nxd4 Nf6 6.Be3 e5 7.Nb3 Be6 8.Qd2 Be7
9.f3 Nbd7 10.O-O-O b5 11.Qf2 Rc8 12.Nd5 Nxd5 13.exd5 Bf5 14.Bd3 Bxd3 15.Rxd3 O-O
16.Kb1 f5 17.f4 a5 18.fxe5 Nxe5 19.Rdd1 Ng4 20.Qf3 Nxe3 21.Qxe3 Bf6 22.Rhf1 Re8
23.Qf3 Qc7 24.Qxf5 Re5 25.Qd3 a4 26.Nd2 Re3 27.Qf5 a3 28.Rde1 Rxe1+ 29.Rxe1 Bxb2
30.Re7 Qxe7 31.Qxc8+ Kf7 32.Qf5+ Bf6 33.Nf3 h6 34.Qd3 b4 35.Kc1 Bg5+ 36.Kd1 Kg8
37.Qd4 Qb7 38.Qe4 Qb6 39.Ke2 Qb5+ 40.Qd3 Qc5 41.h4 Bf6 42.g4 Kf8 43.g5 hxg5
44.hxg5 Bb2 45.Qe4 Qb5+ 46.Kf2 Qc5+ 47.Kg3 Be5+ 48.Kg4 g6 49.Qxg6 Qxd5 50.Qf5+ Kg8
51.g6 Qxa2 52.Nxe5 dxe5 53.Qxe5 Qc4+ 54.Kg5 a2 55.Qe8+ Kg7 56.Qe7+ Kg8 57.Qh7+ Kf8
58.g7+  1-0

[Event "EYb18"]
[Site "Herceg Novi SCG"]
[Date "2005.09.21"]
[Round "7"]
[White "Llaneza Vega,M"]
[Black "Movsisian,V"]
[Result "0-1"]
[WhiteElo "2351"]
[BlackElo "2233"]

1.e4 c5 2.Nf3 d6 3.d4 cxd4 4.Nxd4 Nf6 5.Nc3 a6 6.Be3 e5 7.Nb3 Be6 8.f3 Be7
9.Qd2 O-O 10.O-O-O Nbd7 11.g4 b5 12.g5 b4 13.Ne2 Ne8 14.Ng3 a5 15.Kb1 a4
16.Nc1 b3 17.cxb3 axb3 18.a3 Qc8 19.h4 Bd8 20.h5 Bb6 21.Bxb6 Nxb6 22.h6 g6
23.Rh2 f6 24.f4 exf4 25.Qxf4 Qc5 26.gxf6 Rxf6 27.Qh4 Na4 28.Nd3 Nc3+ 29.Kc1 Qe3+
30.Rdd2 Na2+ 31.Kd1 g5 32.Rhg2 Qf3+  0-1

[Event "EYb18"]
[Site "Herceg Novi SCG"]
[Date "2005.09.22"]
[Round "8"]
[White "Czarnota,P"]
[Black "Tukhaev,A"]
[Result "1-0"]
[WhiteElo "2461"]
[BlackElo "2438"]

1.e4 c5 2.Nf3 d6 3.d4 cxd4 4.Nxd4 Nf6 5.Nc3 a6 6.Be3 e6 7.f3 b5 8.g4 Nfd7
9.Qd2 Nb6 10.a4 bxa4 11.Nxa4 Nxa4 12.Rxa4 Be7 13.g5 O-O 14.h4 Bd7 15.Ra1 a5
16.h5 d5 17.exd5 exd5 18.f4 Re8 19.Bg2 Ra6 20.Kf2 Nc6 21.Nxc6 Rxc6 22.Bxd5 Bb4
23.Qd3 Rd6 24.c4 Bc6 25.Rad1 Qe7 26.Bd2 Bc5+ 27.Kg3 Bxd5 28.cxd5 Qb7 29.Rhe1 Rc8
30.Bc3 h6 31.Re5 f6 32.gxf6 Rxf6 33.Re6 Rf7 34.d6 Rcf8 35.Be5 Qd7 36.Qd5 Bb6
37.Rg6 Kh7 38.Qe4 Kg8 39.Kh2 Rc8 40.Rd2 Rc1 41.Qa8+ Rc8 42.Qd5 Kf8 43.Rdg2 Rc1
44.Bxg7+ Rxg7 45.Rf6+ Rf7 46.Rxf7+ Qxf7 47.Qa8+ Qe8 48.Rg8+  1-0

[Event "EYg18"]
[Site "Herceg Novi SCG"]
[Date "2005.09.23"]
[Round "9"]
[White "Dolzhikova,K"]
[Black "Batsiashvili,N"]
[Result "1-0"]
[WhiteElo "2248"]
[BlackElo "2316"]

1.e4 c5 2.Nf3 d6 3.d4 cxd4 4.Nxd4 Nf6 5.Nc3 a6 6.Be3 e5 7.Nb3 Be6 8.f3 h5
9.Qd2 Nbd7 10.Nd5 Bxd5 11.exd5 g6 12.O-O-O Bg7 13.Qb4 Qc7 14.Na5 O-O 15.Nc4 Ne8
16.Nb6 Nxb6 17.Bxb6 Qe7 18.Kb1 Nf6 19.c4 Rfc8 20.Bd3 Nd7 21.Be3 Rc7 22.Rhe1 Rac8
23.Re2 Nc5 24.Bc2 b5 25.cxb5 Rb7 26.b6 Qd8 27.Bb3 Rxb6 28.Qa5 Qc7 29.Rc2 Qb7
30.Bxc5 Rb5 31.Qd2 Rbxc5 32.Rdc1 Qb6 33.Rxc5 Rxc5 34.Rxc5 Qxc5 35.h3 Qg1+
36.Bd1 Kh7 37.a4 Bh6 38.Qe2 a5 39.Ka2 Qd4 40.Bb3 Kg7 41.Qc4 Be3 42.Qc7 Qb4
43.Qc2 Bd4 44.Qe2 Qc5 45.Qe1 h4 46.Kb1 Bf2 47.Qc3 Kf6 48.Qd3 Be3 49.Qd1 Qd4
50.Qe1 Bd2 51.Qe2 Qe3 52.Qc4 Qg1+ 53.Ka2 Qxg2 54.Qxh4+ Kg7 55.Qg4 Qf2 56.Bc2 Qc5
57.Qe4 Qd4 58.Qxd4 exd4 59.Kb3 Kf6 60.Kc4 Ke5 61.Bd3 Kf4 62.Kxd4 Kxf3 63.Bb5 f5
64.Be8 g5 65.Bd7 g4 66.Bxf5 g3 67.Be4+ Kf2 68.h4 g2 69.Bxg2 Kxg2 70.Kd3 Bh6
71.b4 axb4 72.a5 Kf3 73.a6 Be3 74.h5 b3 75.h6 b2 76.Kc2 Ke4 77.h7 Bd4 78.a7 Bxa7
79.h8=Q Bd4 80.Qh1+  1-0

[Event "2nd Highlands Open A"]
[Site "Havlickuv Brod CZE"]
[Date "2005.09.25"]
[Round "2"]
[White "Simacek,P"]
[Black "Simek,P2"]
[Result "1-0"]
[WhiteElo "2453"]
[BlackElo "2240"]

1.e4 c5 2.Nf3 d6 3.d4 cxd4 4.Nxd4 Nf6 5.Nc3 a6 6.Be3 e6 7.f3 Be7 8.Qd2 O-O
9.g4 Nc6 10.O-O-O Nxd4 11.Qxd4 Nd7 12.h4 b5 13.g5 Rb8 14.f4 b4 15.Ne2 Qa5
16.Kb1 Nc5 17.Bg2 Rb5 18.Nc1 Qc7 19.Qc4 Bd7 20.h5 Rbb8 21.g6 Bb5 22.Qd4 e5
23.Qd2 a5 24.f5 Be8 25.h6 fxg6 26.hxg7 Kxg7 27.Bxc5  1-0

[Event "Autumn 4"]
[Site "Alushta UKR"]
[Date "2005.09.30"]
[Round "8"]
[White "Bogner,S"]
[Black "Loskutov,O"]
[Result "0-1"]
[WhiteElo "2361"]
[BlackElo "2435"]

1.e4 c5 2.Nf3 d6 3.d4 cxd4 4.Nxd4 Nf6 5.Nc3 a6 6.Be3 e5 7.Nb3 Be7 8.f3 h5
9.Qd2 Be6 10.Be2 Nbd7 11.a4 Rc8 12.O-O Nb6 13.a5 Nc4 14.Bxc4 Rxc4 15.Qd3 Qc7
16.Bb6 Qc8 17.Nd2 Rc6 18.Rfc1 O-O 19.Bf2 Bd8 20.Nf1 b5 21.axb6 Bxb6 22.Bxb6 Rxb6
23.Na4 Rc6 24.Ne3 Qb7 25.b3 h4 26.c4 Nh5 27.Qd2 Rb8 28.Rab1 Qe7 29.Nd5 Bxd5
30.exd5 Rcc8 31.b4 Qd7 32.Qa2 Nf4 33.Rd1 Qf5 34.c5 dxc5 35.Nxc5 a5 36.Ne4 axb4
37.d6 Ne6 38.Qa5 b3 39.d7 Rd8 40.Rd5 Ra8 41.Qc3 Nf4 42.Qxe5 Qxe5 43.Rxe5 Rxd7
44.g3 hxg3 45.hxg3 Nd3 46.Rb5 b2 47.Kg2 Rc8 48.Kh3 f6 49.Rb3 Kf7 50.Nc3 g5
51.Na4 Kg6 52.Nxb2 Rh7+ 53.Kg2 Rc2+ 54.Kg1 Nc1 55.Re3 Rb7 56.Re1 Ne2+ 57.Kf2 Nc3+
58.Ke3 Nxb1  0-1

[Event "Autumn 4"]
[Site "Alushta UKR"]
[Date "2005.09.30"]
[Round "8"]
[White "Zakhartsov,V"]
[Black "Pimonenko,B"]
[Result "1-0"]
[WhiteElo "2534"]
[BlackElo "2308"]

1.e4 c5 2.Nf3 d6 3.d4 cxd4 4.Nxd4 Nf6 5.Nc3 a6 6.Be3 e5 7.Nb3 Be7 8.f3 Be6
9.Qd2 b5 10.a4 b4 11.Nd5 Nxd5 12.exd5 Bf5 13.Qxb4 Bxc2 14.Na5 O-O 15.Be2 Nd7
16.Nc6 Qe8 17.Rc1 Bg6 18.Qb7 Bf6 19.b4 h6 20.h4 Be7 21.Bxa6 f5 22.Bb5 Bf6
23.Na7 Rf7 24.Nc8  1-0

[Event "Iranian Super League"]
[Site "Iran IRI"]
[Date "2005.09.30"]
[Round "11"]
[White "Dehdashti,A"]
[Black "Kotanjian,T"]
[Result "0-1"]
[WhiteElo "2229"]
[BlackElo "2443"]

1.e4 c5 2.Nf3 d6 3.d4 cxd4 4.Nxd4 Nf6 5.Nc3 a6 6.Be3 e6 7.Be2 Qc7 8.a4 b6
9.f4 Bb7 10.Bf3 Nbd7 11.Nb3 Rc8 12.O-O Be7 13.g4 h6 14.Qe2 g5 15.fxg5 hxg5
16.Bxg5 Ne5 17.Bf4 Qc4 18.Qxc4 Nxf3+ 19.Rxf3 Rxc4 20.h3 Nxe4 21.Nxe4 Bxe4
22.Nd2 Bxf3 23.Nxc4 Rxh3 24.Rf1 d5  0-1

[Event "Open A"]
[Site "Hamburg GER"]
[Date "2005.10.01"]
[Round "1"]
[White "Sander,R"]
[Black "Bodnar,A"]
[Result "1/2-1/2"]
[WhiteElo "2048"]
[BlackElo "2408"]

1.e4 c5 2.Nf3 d6 3.d4 cxd4 4.Nxd4 Nf6 5.Nc3 a6 6.Be3 e5 7.Nb3 Be7 8.f3 Be6
9.g4 O-O 10.g5 Nh5 11.Qd2 Nc6 12.Rg1 b5 13.Nd5 Qb8 14.O-O-O Rd8 15.Qc3 Bxd5
16.exd5 Na7 17.Bh3 g6 18.Nd2 Nc8 19.Bg4 b4 20.Qd3 Qb5 21.Ne4 f5 22.gxf6 Nxf6
23.Nxf6+ Bxf6 24.Be6+ Kh8 25.Qe4 Ne7 26.h4 Rab8 27.h5 gxh5 28.Bg5 Bxg5+ 29.Rxg5 Ng8
30.Qf5 Rf8 31.Rxg8+ Rxg8 32.Bxg8 Rxg8 33.Qf6+ Rg7 34.Qf8+ Rg8 35.Qf6+ Rg7
36.Qf8+ Rg8 37.Qf6+  1/2-1/2

[Event "Open A"]
[Site "Hamburg GER"]
[Date "2005.10.01"]
[Round "1"]
[White "Ewaldt,M"]
[Black "Ftacnik,L"]
[Result "0-1"]
[WhiteElo "2099"]
[BlackElo "2612"]

1.e4 c5 2.Nf3 d6 3.d4 cxd4 4.Nxd4 Nf6 5.Nc3 a6 6.Be3 e6 7.f3 b5 8.Qd2 b4
9.Na4 Nbd7 10.Bc4 Qa5 11.b3 Bb7 12.a3 d5 13.exd5 Nxd5 14.O-O Nxe3 15.Qxe3 Qe5
16.Qd2 Qd6 17.f4 bxa3 18.Rad1 Nb6 19.Qa5 Nxc4 20.bxc4 Qb4 21.Qxb4 Bxb4 22.Rb1 O-O-O
23.Rxb4 Rxd4 24.Nc5 Bc6 25.Nb3 Re4 26.Na5 Ba8 27.Ra1 Rd8 28.Rb3 Re2 29.Rbxa3 Rxg2+
30.Kf1 Rd4 31.Rg3 Rxh2  0-1

[Event "NK Rapid"]
[Site "Vlaardingen NED"]
[Date "2005.10.01"]
[Round "3"]
[White "Van Haastert,E"]
[Black "Naiditsch,A"]
[Result "0-1"]
[WhiteElo "2398"]
[BlackElo "2641"]

1.e4 c5 2.Nf3 d6 3.d4 cxd4 4.Nxd4 Nf6 5.Nc3 a6 6.Be3 e5 7.Nb3 Be6 8.f3 Nbd7
9.g4 Nb6 10.g5 Nh5 11.Qd2 Be7 12.O-O-O O-O 13.Rg1 Rc8 14.Kb1 Qc7 15.Qf2 Bd8
16.Qd2 Be7 17.Qf2 Nc4 18.Bxc4 Bxc4 19.Nd5 Bxd5 20.exd5 g6 21.c3 f5 22.gxf6 Nxf6
23.Bg5 Qd7 24.Qh4 Rf7 25.Ka1 Qf5 26.Nd2 b5 27.Ne4 Nxe4 28.fxe4 Bxg5 29.Rxg5 Qf3
30.Rgg1 Rcf8 31.Rge1 Qg2 32.Rb1 a5 33.Rec1 b4 34.cxb4 axb4 35.Qe1 b3 36.a3 Rb7
37.Qa5 Qxe4 38.Rc6 Qd4 39.Ra6 Qd3 40.Rc1 Rb5 41.Qc7 Rc5  0-1

[Event "NK Rapid"]
[Site "Vlaardingen NED"]
[Date "2005.10.01"]
[Round "9"]
[White "Van Haastert,E"]
[Black "Smeets,J"]
[Result "0-1"]
[WhiteElo "2398"]
[BlackElo "2531"]

1.e4 c5 2.Nf3 d6 3.d4 cxd4 4.Nxd4 Nf6 5.Nc3 a6 6.Be3 e6 7.f4 Nbd7 8.Qf3 e5
9.Nf5 g6 10.Ng3 exf4 11.Qxf4 Ne5 12.h3 Bg7 13.O-O-O O-O 14.Qh4 Be6 15.Bd3 Qa5
16.a3 b5 17.Bg5 Nfd7 18.Nd5 Bxd5 19.exd5 Rfc8 20.Kb1 Nc4 21.Nf5 gxf5 22.Bxf5 Nf8
23.Bxc8 Nxa3+ 24.bxa3 Qc3 25.Kc1 Rxc8 26.Qe4 Rc4 27.Qd3 Qa1+ 28.Kd2 Qe5 29.Be3 Rc3
30.Qe2 Ng6 31.Rhf1 Rxc2+ 32.Kxc2 Qb2+  0-1

[Event "Open A"]
[Site "Hamburg GER"]
[Date "2005.10.02"]
[Round "2"]
[White "Perunovic,Mil"]
[Black "Bente,B"]
[Result "1-0"]
[WhiteElo "2514"]
[BlackElo "2259"]

1.e4 c5 2.Nf3 d6 3.d4 cxd4 4.Nxd4 Nf6 5.Nc3 a6 6.Be3 e5 7.Nf3 Qc7 8.a4 Be7
9.a5 Nbd7 10.Be2 O-O 11.O-O b5 12.axb6 Nxb6 13.Nd2 Bb7 14.Bxb6 Qxb6 15.Nc4 Qc7
16.Ne3 Rfd8 17.Bc4 Bf8 18.Ncd5 Bxd5 19.Bxd5 Rab8 20.b3 Rb4 21.Rxa6 Nxe4 22.Rc6 Qd7
23.c3 Rb5 24.Bxe4 d5 25.c4  1-0

[Event "Open A"]
[Site "Hamburg GER"]
[Date "2005.10.03"]
[Round "3"]
[White "Helmbold,I"]
[Black "Zimmermann,Man"]
[Result "1-0"]
[WhiteElo "1992"]
[BlackElo "2001"]

1.e4 c5 2.Nf3 d6 3.d4 cxd4 4.Nxd4 Nf6 5.Nc3 a6 6.Be3 e6 7.Be2 Be7 8.f4 b5
9.Bf3 Bb7 10.e5 Nd5 11.Nxd5 exd5 12.e6 f6 13.O-O Qc7 14.f5 Nc6 15.Bh5+ Kd8
16.Nxc6+ Qxc6 17.Bd4 Kc7 18.Rf3  1-0

[Event "FSIMA October"]
[Site "Budapest HUN"]
[Date "2005.10.07"]
[Round "5"]
[White "Tournier,P"]
[Black "Bednay,B"]
[Result "1/2-1/2"]
[WhiteElo "2164"]
[BlackElo "2250"]

1.e4 c5 2.Nf3 d6 3.d4 cxd4 4.Nxd4 Nf6 5.Nc3 a6 6.Be3 e5 7.Nb3 Be6 8.f3 Nc6
9.Qd2 Be7 10.g4 Nd7 11.O-O-O b5 12.Kb1 Nb6 13.Bxb6 Qxb6 14.Nd5 Bxd5 15.exd5 Nb8
16.Bd3 Nd7 17.Na5 Qc7 18.Nc6 Nb6 19.Be4 Nc4  1/2-1/2

[Event "Open A"]
[Site "Hamburg GER"]
[Date "2005.10.07"]
[Round "5"]
[White "Kemeny,M"]
[Black "Ma,B"]
[Result "1-0"]
[WhiteElo "2041"]
[BlackElo "1863"]

1.e4 c5 2.Nf3 d6 3.d4 cxd4 4.Nxd4 Nf6 5.Nc3 a6 6.Be3 e5 7.Nf3 b5 8.a3 Bb7
9.Bd3 Be7 10.O-O O-O 11.Qe2 Nbd7 12.Rfd1 Rc8 13.Nd2 d5 14.Nxd5 Nxd5 15.exd5 Bxd5
16.c3 f5 17.f3 Nc5 18.Bc2 Qc7 19.Rac1 Ne6 20.a4 Bc5 21.Kh1 Nf4 22.Bxf4 exf4
23.c4 bxc4 24.Nxc4 Rfe8 25.Qf1 Qf7 26.Bb3 Be3 27.Nd6 Bxb3 28.Nxf7 Bxd1 29.Rxd1 Kxf7
30.Qd3 Red8 31.Qxd8 Rxd8 32.Rxd8  1-0

[Event "TCh-BEL 2005-6"]
[Site "Belgium BEL"]
[Date "2005.10.09"]
[Round "1"]
[White "Feygin,M"]
[Black "Van Haastert,E"]
[Result "1-0"]
[WhiteElo "2484"]
[BlackElo "2398"]

1.e4 c5 2.Nf3 d6 3.d4 cxd4 4.Nxd4 Nf6 5.Nc3 a6 6.Be3 e5 7.Nb3 Be6 8.f3 Nbd7
9.Qd2 Be7 10.O-O-O b5 11.g4 O-O 12.Kb1 Qc7 13.g5 Nh5 14.Nd5 Bxd5 15.exd5 Nb6
16.Na5 Nxd5 17.Qxd5 Qxa5 18.Bh3 Qc7 19.Bg4 Nf4 20.Bxf4 exf4 21.Rhe1 Rfe8
22.Qe4 Qd8 23.Qxf4 Bf8 24.Qd2 Ra7 25.f4 Rae7 26.Rf1 Re3 27.h4 Qe7 28.Bf3 g6
29.Bd5 Bg7 30.f5 gxf5 31.Rxf5 Kh8 32.Bxf7 Re2 33.Qd3 Re3 34.Qd2 Rf8 35.a3 Re5
36.Rff1 Rxf7 37.Rxf7 Qxf7 38.Qxd6 Re6 39.Qb8+ Re8 40.Qb6 Qg6 41.Qxg6 hxg6
42.Rd6 Kh7 43.Rxa6 Re4 44.Rb6 Rxh4 45.Rxb5 Re4 46.Ka2 Re5 47.Rxe5 Bxe5 48.a4 Bf4
49.a5 Bxg5 50.b4 Be7 51.a6  1-0

[Event "Goodbye Summer Open"]
[Site "Omis CRO"]
[Date "2005.10.13"]
[Round "5"]
[White "Zaper,M"]
[Black "Vranjic,M"]
[Result "1-0"]
[WhiteElo "2005"]
[BlackElo "1776"]

1.e4 c5 2.Nf3 d6 3.d4 cxd4 4.Nxd4 Nf6 5.Nc3 a6 6.Be3 e6 7.Be2 Be7 8.O-O O-O
9.Kh1 b5 10.Bf3 Nfd7 11.Nf5 Bb7 12.Nxe7+ Qxe7 13.a3 Nc6 14.Be2 Rac8 15.Qe1 Nce5
16.Rd1 Nf6 17.Bg5 Nc4 18.f4 Nxb2 19.Rb1 Qc7 20.Bxf6 gxf6 21.Rf3 Nc4 22.Qh4 Rfe8
23.Qh6  1-0

[Event "Goodbye Summer Open"]
[Site "Omis CRO"]
[Date "2005.10.14"]
[Round "7"]
[White "Armanda,I"]
[Black "Cvitan,O"]
[Result "0-1"]
[WhiteElo "2343"]
[BlackElo "2527"]

1.e4 c5 2.Nf3 d6 3.d4 cxd4 4.Nxd4 Nf6 5.Nc3 a6 6.Be3 e5 7.Nb3 Be6 8.f3 Be7
9.Qd2 O-O 10.O-O-O Qc7 11.g4 Nbd7 12.g5 Nh5 13.Kb1 b5 14.Qf2 Rab8 15.Rg1 Nb6
16.f4 Nxf4 17.Bxf4 exf4 18.Nd5 Bxd5 19.exd5 Rfe8 20.Qxf4 Bf8 21.g6 hxg6 22.Rg3 Re5
23.Rc3 Qe7 24.Rcd3 Re8 25.Rd4 Re1 26.Qc1 Rxd1 27.Rxd1 Qe3 28.Qxe3 Rxe3 29.Nc1 Be7
30.a3 Bf6 31.b3 g5 32.Bg2 g4 33.Rg1 Be5 34.Rh1 f5 35.h3 Rg3 36.Bf1 Nxd5 37.Nd3 gxh3
38.Bxh3 g6 39.Bf1 Kg7 40.Kc1 Bc3 41.a4 Ne3 42.axb5 axb5 43.Nf4 Rf3 44.Ne6+ Kf6
45.Be2 Rf2  0-1